书目信息 |
| 题名: |
MATLAB程序设计与工程应用
|
|
| 作者: | 方桂娟 , 周鹏程 , 潘建洲 主编 | |
| 分册: | ||
| 出版信息: | 厦门 厦门大学出版社 2020.07 |
|
| 页数: | 246页 | |
| 开本: | 26cm | |
| 丛书名: | ||
| 单 册: | ||
| 中图分类: | TP312 | |
| 科图分类: | ||
| 主题词: | Matlab软件--Matlab ruan jian--程序设计 | |
| 电子资源: | ||
| ISBN: | 978-7-5615-6962-7 | |
| 000 | 01067nam0 2200265 450 | |
| 001 | 0100016084 | |
| 005 | 20201024210217.0 | |
| 010 | @a978-7-5615-6962-7@dCNY39.80 | |
| 100 | @a20200821d2020 em y0chiy50 ea | |
| 101 | 0 | @achi |
| 102 | @aCN@b350000 | |
| 105 | @aak a 000yy | |
| 106 | @ar | |
| 200 | 1 | @aMATLAB程序设计与工程应用@AMATLAB cheng xu she ji yu gong cheng ying yong@f主编方桂娟, 周鹏程, 潘建洲 |
| 210 | @a厦门@c厦门大学出版社@d2020.07 | |
| 215 | @a246页@c图@d26cm | |
| 320 | @a有书目 (第245-246页) | |
| 330 | @a本书介绍了MATLAB工作环境、MATLAB基础、MATLAB程序设计、MATLAB科学计算、MATLAB优化设计, Image Acquisition Toolbox、Signal Processing Toolbox、Statistics and Machine Learning Toolbox和MATLAB Compiler函数的使用, 以及图像处理、信号处理、控制系统的MATLAB应用。 | |
| 606 | 0 | @aMatlab软件@AMatlab ruan jian@x程序设计 |
| 690 | @aTP312@v5 | |
| 701 | 0 | @a方桂娟@Afang gui juan@4主编 |
| 701 | 0 | @a周鹏程@Azhou peng cheng@4主编 |
| 701 | 0 | @a潘建洲@Apan jian zhou@4主编 |
| 801 | 0 | @aCN@c20200821 |
| 905 | @a河南城建学院图书馆@dTP312@f2@eF192 | |
| MATLAB程序设计与工程应用/主编方桂娟, 周鹏程, 潘建洲.-厦门:厦门大学出版社,2020.07 |
| 246页:图;26cm |
| ISBN 978-7-5615-6962-7:CNY39.80 |
| 本书介绍了MATLAB工作环境、MATLAB基础、MATLAB程序设计、MATLAB科学计算、MATLAB优化设计, Image Acquisition Toolbox、Signal Processing Toolbox、Statistics and Machine Learning Toolbox和MATLAB Compiler函数的使用, 以及图像处理、信号处理、控制系统的MATLAB应用。 |
| ● |
| 相关链接 |
|
|
|
正题名:MATLAB程序设计与工程应用
索取号:TP312/F192
 
预约/预借
| 序号 | 登录号 | 条形码 | 馆藏地/架位号 | 状态 | 备注 |
| 1 | 1496400 | 214964001 | 自科库301/301自科库 81排2列3层/ [索取号:TP312/F192] | 在馆 | |
| 2 | 1496401 | 214964010 | 自科库301/301自科库 81排2列3层/ [索取号:TP312/F192] | 在馆 |